|
|
|
|
| LEADER |
00000nam a2200000 i 4500 |
| 001 |
DIGPAKARIN0020 |
| 003 |
NyNyDIG |
| 008 |
200707s2016 pe ob 000 p spa d |
| 006 |
m o d |
| 007 |
cr ||||||||||| |
| 035 |
|
|
|a (OCoLC)1187206009
|
| 040 |
|
|
|a DGITA
|b eng
|e rda
|e pn
|c DGITA
|
| 020 |
|
|
|z 9786124297069
|
| 020 |
|
|
|z 612429706X
|
| 041 |
1 |
|
|a spa
|a que
|h que
|
| 043 |
|
|
|a s-bo---
|
| 050 |
1 |
4 |
|a PM6308.6 ebook
|
| 082 |
0 |
4 |
|a 898.3231
|
| 245 |
0 |
0 |
|a Poesía quechua en Bolivia :
|b antología /
|c Julio Noriega Bernuy [editor]
|
| 264 |
|
1 |
|a Lima :
|b Pakarina Ediciones :
|b Facultad de Lenguas y Ciencias Humanas, Universidad Nacional Mayor de San Marcos,
|c [2016]
|
| 300 |
|
|
|a 1 online resource.
|
| 336 |
|
|
|a text
|b txt
|2 rdacontent
|
| 337 |
|
|
|a computer
|b c
|2 rdamedia
|
| 338 |
|
|
|a online resource
|b cr
|2 rdacarrier
|
| 347 |
|
|
|a text file
|2 rdaft
|
| 347 |
|
|
|b PDF
|
| 504 |
|
|
|a Includes bibliographical references.
|
| 588 |
0 |
|
|a Online resource; title from PDF title page (Digitalia, viewed July 7, 2020)
|
| 546 |
|
|
|a Poems in Quechua, with introductoy text and parallet text in Spanish.
|
| 588 |
0 |
|
|a Online resource; title from PDF title page (Digitalia, viewed July 7, 2020)
|
| 650 |
|
0 |
|a Quechua poetry
|z Bolivia
|
| 650 |
|
0 |
|a Quechua poetry
|x Translations into Spanish.
|
| 655 |
|
0 |
|a Electronic books.
|
| 655 |
|
7 |
|a Poetry.
|2 lcgft
|
| 700 |
1 |
|
|a Noriega Bernuy, Julio,
|e editor.
|
| 791 |
2 |
|
|a Digitalia (Firm),
|e distributor.
|
| 793 |
0 |
|
|g Digitalia eBook Collection:
|a Pakarina Ediciones
|
| 776 |
0 |
8 |
|i Print version:
|t Poesía quechua en Bolivia.
|b Primera edición.
|d Lima : Pakarina Ediciones : Facultad de Lenguas y Ciencias Humanas, Universidad Nacional Mayor de San Marcos, 2016
|z 9786124297069
|w (DLC) 2016445977
|w (OCoLC)959003817
|
| 856 |
4 |
0 |
|3 Digitalia Hispánica
|u https://www.digitaliapublishing.com/a/58716/
|
| 910 |
|
|
|a Premium collection: 2020
|